Cuentos del lunes : (la fantasía y la historia) /

Gardado en:
Detalles Bibliográficos
Autor Principal: Daudet, Alphonse (autor)
Formato: Libro
Idioma:Lingua castelá
Publicado: Santiago, Chile : Zig-Zag, 1944, c1944
Series:(Biblioteca Zig-Zag ; Serie Roja) 37.
Temas:
Etiquetas: Engadir etiqueta
Sen Etiquetas, Sexa o primeiro en etiquetar este rexistro!

MARC

LEADER 00000nam^a2200000^a^4500
001 000624703
005 20251127000000.0
009 20260310134001.328
025 |a Donación sin dato, 1 ejemplar 
037 |a Acervo ITESO - Biblioteca 
041 |a ESP 
082 |a 843.  |b DAU 
100 |a Daudet, Alphonse  |e (autor) 
240 1 1 |a [Cuentos del lunes] 
245 1 0 |a Cuentos del lunes :  |b (la fantasía y la historia) /  |c A. Daudet ; tr. por Jacobo Danke. 
264 4 |a Santiago, Chile :  |b Zig-Zag,  |c 1944, c1944 
300 |a 175 p. 
336 |a texto  |b txt  |2 rdacontenido 
337 |a sin mediación  |b n  |2 rdamedio 
338 |a volumen  |b nc  |2 rdasoporte 
440 1 |a (Biblioteca Zig-Zag ;  |v 37.  |p Serie Roja) 
500 |a Traducción de: Contes du lundi 
649 |a XX 
650 |a Cuentos Franceses 
650 |a Literatura Francesa -  |y Siglo XIX 
650 |a Naturalismo en la Literatura -  |z Francia 
910 |a Fondo General 
920 |a Impresos - Libros 
930 |a Colección General 
940 |a Literatura 
905 |a 101 
901 |a 624703-10  |b IT1  |c LIT  |i D  |u 20251127 
902 |a https://opac.biblio.iteso.mx/vufind/Record/000624703